ARRUPE JESUIT UNIVERSITY

CORONAVIRUS -STOP THE SPREAD - CLEAN,DISINFECT,COVER

The Blanket (Record no. 121340)

MARC details
000 -LEADER
fixed length control field 00334nam a22001217a 4500
008 - FIXED-LENGTH DATA ELEMENTS--GENERAL INFORMATION
fixed length control field 141128b xxu||||| |||| 00| 0 eng d
050 ## - LIBRARY OF CONGRESS CALL NUMBER
Classification number PZ24.M979.B55
100 ## - MAIN ENTRY--PERSONAL NAME
Personal name Murray, A.A.
9 (RLIN) 12901
245 ## - TITLE STATEMENT
Title The Blanket
Remainder of title : a novel
Statement of responsibility, etc / A.A. Murray
260 ## - PUBLICATION, DISTRIBUTION, ETC. (IMPRINT)
Place of publication, distribution, etc London
Name of publisher, distributor, etc Andre Deutsch
Date of publication, distribution, etc 1957
300 ## - PHYSICAL DESCRIPTION
Extent 192p.
Dimensions 20cm.
942 ## - ADDED ENTRY ELEMENTS (KOHA)
Source of classification or shelving scheme Library of Congress Classification
Item type Monograph ( Printed materials)
Holdings
Withdrawn status Lost status Source of classification or shelving scheme Damaged status Not for loan Home library Current library Shelving location Date acquired Total Checkouts Full call number Barcode Date last seen Price effective from Koha item type
    Library of Congress Classification     ARRUPE LIBRARY ARRUPE LIBRARY Main Collection 28/11/2014   PZ4.M979.B55 46500003576 02/07/2019 28/11/2014 Monograph ( Printed materials)

 

Arrupe Library. PO Box MP320 Mt Pleasant, Harare, Zimbabwe
263 242 745411|librarian@aju.ac.zw